| 000 | 02056nam a2200301Ia 4500 | ||
|---|---|---|---|
| 003 | OSt | ||
| 005 | 20260403084509.0 | ||
| 008 | 260210s9999||||xx |||||||||||||| ||und|| | ||
| 020 | _a9789952830521 | ||
| 040 |
_aAz-XaKU _baze _cAz-XaKU |
||
| 041 | 0 | _aaze | |
| 050 | 1 | 4 | _aPN81 .Al480 .T3142 2019 v.8 |
| 100 | 1 |
_aƏliyev, Kamran, _cAMEA-nın müxbir üzvü, Əməkdar elm xadimi, filologiya elmləri doktoru, professor, _d1953-2020, _emüəllif. |
|
| 245 | 1 | 0 |
_aDərs vəsaiti _b: Əsərləri 10 cilddə, VIII cild _c/ Kamran Əliyev ; elmi redaktor akademik Nizami Cəfərov ; tərtib edən və nəşrinə məsul filologiya üzrə fəlsəfə doktoru Gülnar Osmanova _nVIII cild |
| 264 |
_aBakı: _b"Elm və təhsil", _c2019. |
||
| 300 |
_a516 səhifə ; _bşəkil ; _c21 sm. |
||
| 336 |
_atext _btxt _2rdacontent |
||
| 337 |
_aunmediated _bn _2rdamedia |
||
| 338 |
_avolume _bnc _2rdacarrier |
||
| 504 | _aAdlar göstəricisi : s. 489-497. | ||
| 505 | 0 | _aMənən, ruhən pedaqoq -- Azərbaycan dili -- Fonetika -- Leksika -- Sözün tərkibi. Söz yaradıcılığı -- Morfologiya -- Əsas nitq hissələri -- İsim -- Sifət -- Say -- Əvəzlik -- Feil -- Zərf -- Köməkçi nitq hissələri -- Sintaksis -- Cümlə üzvləri -- Sadə cümlə. Şəxsə görə növləri -- Mürəkkəb cümlə -- Dil və dilçilik -- Nitq mədəniyyəti -- Ədəbi dilin normaları -- Üslubiyyət -- Azərbaycan ədəbi dilinin üslubları -- Ədəbiyyat -- Ədəbiyyat nəzəriyyəsi -- Azərbaycan şifahi xalq ədəbiyyatı -- Azərbaycan ədəbiyyatı tarixi -- Məqalələr | |
| 520 | 0 | _aKitaba müəllifin müəllimlər, şagirdlər, abituriyentlər üçün tərtib etdiyi "Azərbaycan dili" və "Ədəbiyyat" adlı dərs vəsaitləri, həmçinin ədəbiyyatşünaslıq və dilçiliklə bağlı məqalələri daxil edilmişdir. | |
| 650 | 7 |
_2Az-XaKU _aDilçilik _xƏdəbiyyatşünaslıq. |
|
| 700 | 1 |
_aCəfərov, Nizami, _eelmi redaktor. |
|
| 700 | 1 |
_aOsmanova, Gülnar, _etərtib edən və nəşrinə məsul. |
|
| 942 | _cBOOK | ||
| 999 |
_c101 _d101 |
||